000 01317cab a2200457 4500
001 ABS51074
008 090401t1994 xxu||||| |||| 00| 0 eng d
035 _a(Sirsi) u8197
041 _aeng
245 _aWarehousing and distribution
260 _c1994
350 _a0
490 _aEstates Times
_vSupplement 15 July 1994 (LOAN)
520 _aComments on the market, changing occupier needs, valuing high bay warehouses, northern Europe distribution, rail parks and distribution centres in France.
650 _aB8
650 _aBUILT ENVIRONMENT-BUILDING COSTS
650 _aCHANNEL TUNNEL
650 _aDISTRIBUTION MARKET
650 _aEUROPE
650 _aEXEL LOGISTICS
650 _aHAYS DISTRIBUTION
650 _aHERTFORDSHIRE
650 _aHIGH BAY WAREHOUSES
650 _aHUNTINGDON
650 _aOCCUPIERS NEEDS
650 _aPARCELINE
650 _aRAIL PARKS
650 _aRENT REVIEWS
650 _aSCOTLAND
650 _aSPECULATIVE DEVELOPMENT
650 _aTARGET EXPRESS PARCELS
650 _aTIBBETT & BRITTEN
650 _aValuation
_96273
650 _aWALES
650 _aWAREHOUSE MARKET
650 _aWINKHAUS
650 _aYORKSHIRE
690 _aPROPERTY-COMMERCIAL PROPERTY-COMMERCIAL PROPERTY MARKET
942 _n0
948 _c04/03/1997
999 _c5010
_d5010